Grösstes Land nach Zeitzone - Statistiken

Allgemein
  • Dieses Quiz wurde 42 mal gespielt
  • Das Durchschnittsergebnis liegt bei 23 aus 27
Antwortstatistiken
Zeitzone Fläche in Millionen km² Land % Korrekt
GMT +2 17.1 Russland
100%
GMT +3 17.1 Russland
100%
GMT +4 17.1 Russland
100%
GMT +5 17.1 Russland
100%
GMT +6 17.1 Russland
100%
GMT +7 17.1 Russland
100%
GMT +8 17.1 Russland
100%
GMT +9 17.1 Russland
100%
GMT +10 17.1 Russland
100%
GMT +11 17.1 Russland
100%
GMT +12 17.1 Russland
100%
GMT -12 9.834 Vereinigte Staaten
95%
GMT -11 9.834 Vereinigte Staaten
95%
GMT -10 9.834 Vereinigte Staaten
95%
GMT -9 9.834 Vereinigte Staaten
95%
GMT -8 9.834 Vereinigte Staaten
95%
GMT -7 9.985 Kanada
90%
GMT -6 9.985 Kanada
90%
GMT -5 9.985 Kanada
90%
GMT -4 9.985 Kanada
90%
GMT -3 9.985 Kanada
90%
GMT -2 8.511 Brasilien
82%
GMT +14 0.000000811 Kiribati
46%
GMT +13 0.000002841 Samoa
36%
GMT -1 2.209 Dänemark
28%
GMT 2.209 Dänemark
28%
GMT +1 2.209 Dänemark
28%
Keine übereinstimmenden Quizze gefunden
Verteilung der Resultate
Anzahl Personen mit jedem Resultat
Perzentil nach korrekt beantworteten Fragen
Ihre Resultats-Entwicklung
Sie haben dieses Quiz noch nicht gespielt